000 00643nam a22002177a 4500
005 20260319145426.0
010 _aENG-148058-059
020 _a9788186336250
_c4400.00(Set of 7)
020 _a9788186336281
035 _aEN-131590-591
037 _bDBAD
082 _a181.43
_21
100 _aSarawati, Satyananda
_988646
245 _aBhakti Yoga Sagar/
_cSatyananda Sarawati
250 _a1
260 _aBihar
_bYoga publication trust ganga darshan
_c2013(Rep)
270 _aYoga publication trust, ganga darshan
_bMunger
300 _a157p.,194p.
_c22cm(pb)
490 _v6,7
942 _2ddc
_cEN
_h181.43
_mSAR
_e1
999 _c215661
_d215661